000 00849nam a22002777a 4500
001 BR7502617
003 BR-BrBNA
005 20230928084745.0
007 ta
008 230509b bl.||||| |||| 00| 0 por d
040 _aBR-BrBNA
_bpor
_cBiblioteca Nacional de Agricultura
041 _a(Por)
072 _aE70
090 _ E70 BR7502617
110 1 _aSecretaria de Tecnologia Industrial, Brasilia, DF (Brasil);
_99058
110 1 _aInstituto de Pesquisas Tecnologicas, Sao Paulo, SP (Brasil)
_96224
245 1 _aEmbalagens de transporte guia de uso
260 3 _aSao Paulo, SP (Brasil):
_c1975.
300 _a124 p.
500 _a71 illus.; Glossary p. 118-120; Bibliography p. 121-124 (95 ref.)
650 _aComercializacao
650 _aEmbalagem
650 _aTransporte
909 _a202309
_bLucia
_c55
_dLucia Elande
942 _cBK
999 _c20923
_d20923